00484nam a2200193 a 4500001001300000003000900013005001700022008004100039020000900080082001600089100002100105245003000126260004400156300000800200500003500208505001000243650001600253700002100269nice12345678IN_TiNIC20260116012719.0050524s1986 lona grp 000 0 per  ac4000a891.43bSIN aSingh, Khushwant aShikwa and Jawab-I-Shikwa aLondan bOxford University Press c1986 a96p aincludes index and biblioraphy2 aIndex aUrdu-Poetry1 aSingh, Khushwant